01145 2200253 4500001002100000005001500021008004100036020003900077035002000116082000800136084001400144110001900158245003000177260002900207300002300236520055100259650001600810990001100826990001100837990001100848990001100859990001100870990001000881INLIS00000000000856920220112091012220112 g 0 ind  a9790000000000.00E+9790000000000.00 a0010-0721003828 a615 a615 RED h aRedaksi Trubus1 aHerbal Praktis Berkhasiat aJakarta :bTrubus,c2011 a122 hlm. ;c25 cm. aMY Healthy Life Herbal :Praktis Berkhasiat Sebelas tahun lamanya, pasien itu menderita asam urat akut, Ketika kambuh, ia hanya berbaring sambil menangis karena tak mampu berjalan. Kesembuhan asam urat itu terjadi setelah ia rutin mengonsumsi rebusan daun salam Syzygium polyanthum. Tanaman obat itu biasa dipakai sebagai bumbu masak. Di samping daun salam, buku ini mengulas 32 tanaman obat lain yang terbukti manjur mengatasi penyakit seperti cedera otak, diabetes mellitus, jantung koroner , osteoporosis, kanker, hingga penyakit langka lainya. 4aObat Herbal a045366 a045367 a045368 a045369 a045370 a08868